Most Streamed Justin Bieber Song by Album - Statistics

General Stats
  • This quiz has been taken 45 times
  • The average score is 5 of 6
Answer Stats
Year Album Song % Correct
2010 My World 2.0 Baby
95%
2015 Purpose Sorry
90%
2012 Believe Boyfriend
85%
2011 Under the Mistletoe Mistletoe
80%
2021 Justice Peaches
73%
2020 Changes Yummy
73%
No matching quizzes found
Score Distribution
Percent of People with Each Score
Percentile by Number Answered
Your Score History
You have not taken this quiz